000 00948nam a2200265Ia 4500
003 OSt
005 20220923211658.0
006 a|||||r|||| 00| 0
007 ta
008 220922b |||||||| |||| 00| 0 hin d
024 _a42,592
037 _cTextual
040 _aARTS
_cARTS
_bhin
041 _2hin
_ahin
082 _aO15,2D40,11:g, 152M1
100 _aशर्मा, देवीदत्त
245 0 _aअभिज्ञान शाकुन्तल
_b एक विश्लेषण
246 _aAbhijnyān shākuntala: ek vishleṣhaṇa
260 _aनई दिल्ली
_b देव वाणी परिषद प्र0
_c1981
300 _a87पृ.
_ccm.
650 _a संस्कृत नाटक
650 _aसंस्कृत साहित्य
942 _hO15,2D40,11:g, 152M1
_cTEXL
_2CC
999 _c302516
_d302516